00932nam a22002537a 4500003000400000005001700004008004100021020002900062040003100091050002100122245015200143260004100295300004600336336002400382337002800406338002500434504005100459650003500510650002900545700003100574700002600605700002200631700002500653OSt20240208095516.0240208b |||||||| |||| 00| 0 eng d a9781845424374 (hardback) aNUSTbengcNUSTdNUSTerda aHD6054.2.A45 SUC aSuccessful professional women of the Americas :bfrom polar winds to tropical breezes / Betty Jane Punnett, Jo Ann Duffy, Suzy Fox and Ann Gregory. aCheltenham :bEdward Elgar,c©2006. axii, 284 pages :billustrations ;c25 cm. 2rdamediaatextbtxt 2rdamediaaunmediatedbn 2rdamediaavolumebnc aIncludes bibliographical references and index. vWomen in professions -America. vWomen - America-History. aPunnet, Betty JaneeEditor aDuffy, Jo AnneEditor aFox, SuzyeEditor aGregory, AnneEditor